[Event "Novokuznetsk SFO-ch U15"]
[Site "Novokuznetsk"]
[Date "2014.11.07"]
[Round "6"]
[White "Tyulyush, Damba Dorzhu"]
[Black "Lozhnikov, Konstantin"]
[Result "0-1"]
[WhiteElo "700"]
[BlackElo "1695"]
[PlyCount "52"]
[EventDate "2014.11.02"]
[EventType "swiss"]
[EventRounds "9"]
[EventCountry "RUS"]
[SourceTitle "CBM 163 Extra"]
[Source "ChessBase"]
[SourceDate "2014.12.23"]
[SourceVersion "1"]
[SourceVersionDate "2014.12.23"]
[SourceQuality "1"]

1. e4 e5 2. d3 Nf6 3. Nf3 Nc6 4. Nc3 Bb4 5. Bd2 0-0 6. h4 d6 7. h5 Bg4 8. h6 g6 9. Qe2 Nd4 10. Qd1 Bxf3 11. gxf3 Nxf3+ 12. Ke2 Nd4+ 13. Ke1 c6 14. Be3 Rc8 15. a3 Bxc3+ 16. bxc3 Nb5 17. c4 Nc7 18. Qf3 Ne6 19. Bh3 d5 20. exd5 cxd5 21. cxd5 Nxd5 22. Bxa7 Ng5 23. Qg2 Nxh3 24. Rxh3 Rxc2 25. Rb1 Qa5+ 26. Kd1 Qd2# 0-1

[Event "Novokuznetsk SFO-ch U15"]
[Site "Novokuznetsk"]
[Date "2014.11.04"]
[Round "3"]
[White "Petukhov, Georgiy"]
[Black "Tyulyush, Damba Dorzhu"]
[Result "1-0"]
[WhiteElo "800"]
[BlackElo "700"]
[PlyCount "95"]
[EventDate "2014.11.02"]
[EventType "swiss"]
[EventRounds "9"]
[EventCountry "RUS"]
[SourceTitle "CBM 163 Extra"]
[Source "ChessBase"]
[SourceDate "2014.12.23"]
[SourceVersion "1"]
[SourceVersionDate "2014.12.23"]
[SourceQuality "1"]

1. d4 d5 2. c4 dxc4 3. e4 b5 4. a4 c6 5. axb5 cxb5 6. b3 cxb3 7. Bxb5+ Bd7 8. Qxb3 Bxb5 9. Qxb5+ Qd7 10. Qxd7+ Nxd7 11. Nc3 e5 12. Nb5 Bb4+ 13. Bd2 Bxd2+ 14. Kxd2 Rc8 15. Nd6+ Kd8 16. Nxc8 Kxc8 17. Rxa7 exd4 18. Ne2 Ngf6 19. Ra8+ Nb8 20. f3 Rd8 21. Ra7 d3 22. Rc1+ Nc6 23. Rxc6+ Kb8 24. Rcc7 dxe2+ 25. Kxe2 Ne8 26. Rcb7+ Kc8 27. Rxf7 Nc7 28. Rfxc7+ Kb8 29. Rcb7+ Kc8 30. Rxg7 Kb8 31. e5 Re8 32. Rgb7+ Kc8 33. Ra8+ Kxb7 34. Rxe8 Kc7 35. Re6 Kd7 36. Rh6 Ke7 37. f4 Kf7 38. g4 Ke7 39. f5 Kf7 40. Ra6 Ke7 41. Ra7+ Kf8 42. h4 h6 43. g5 hxg5 44. hxg5 Kg8 45. g6 Kf8 46. f6 Ke8 47. g7 Kd8 48. g8R# 1-0